Online
Catalog

Learning how to behave, : (Record no. 19455)

MARC details
000 -CABECERA
campo de control de longitud fija 00912cam a22002651 4500
001 - NÚMERO DE CONTROL
campo de control 000019942
005 - FECHA Y HORA DE LA ÚLTIMA TRANSACCIÓN
campo de control 20200929170212.0
008 - DATOS DE LONGITUD FIJA--INFORMACIÓN GENERAL
campo de control de longitud fija 730726s1946 nyu b 000 0 eng
010 ## - NÚMERO DE CONTROL DE LA BIBLIOTECA DEL CONGRESO
Número de control de LC 46008112
035 ## - NÚMERO DE CONTROL DEL SISTEMA
Número de control de sistema (OCoLC)664878
040 ## - FUENTE DE LA CATALOGACIÓN
Centro catalogador/agencia de origen DO-SdBNP
Centro/agencia transcriptor OWilmC
Centro/agencia modificador OCoLC
-- DLC
042 ## - CÓDIGO DE AUTENTICACIÓN
Código de autenticación premarc
050 00 - SIGNATURA TOPOGRÁFICA DE LA BIBLIOTECA DEL CONGRESO
Número de clasificación E161
Número de documento/Ítem .S25
082 ## - NÚMERO DE LA CLASIFICACIÓN DECIMAL DEWEY
Número de clasificación 917.3
100 1# - ENTRADA PRINCIPAL--NOMBRE DE PERSONA
Nombre de persona Schlesinger, Arthur M.
Forma completa/desarrollada del nombre (Arthur Meier),
Fechas asociadas al nombre 1888-1965.
9 (RLIN) 42522
245 10 - MENCIÓN DE TÍTULO
Título Learning how to behave, :
Resto del título a historical study of American etiquette books, /
Mención de responsabilidad, etc. by Arthur M. Schlesinger.
260 ## - PUBLICACIÓN, DISTRIBUCIÓN, ETC.
Lugar de publicación, distribución, etc. New York, :
Nombre del editor, distribuidor, etc. The Macmillan Company,
Fecha de publicación, distribución, etc. 1946.
300 ## - DESCRIPCIÓN FÍSICA
Extensión ix, 95 p. ;
Dimensiones 20 cm.
500 ## - NOTA GENERAL
Nota general "First printing."
504 ## - NOTA DE BIBLIOGRAFÍA, ETC.
Nota de bibliografía, etc. "Bibliography and notes": p. 74-90.
651 #0 - PUNTO DE ACCESO ADICIONAL DE MATERIA--NOMBRE GEOGRÁFICO
Nombre geográfico United States
Subdivisión general Social Life And Customs.
9 (RLIN) 42523
650 #0 - PUNTO DE ACCESO ADICIONAL DE MATERIA--TÉRMINO DE MATERIA
Término de materia o nombre geográfico como elemento de entrada Etiquette
Subdivisión geográfica United States.
9 (RLIN) 42524
650 #0 - PUNTO DE ACCESO ADICIONAL DE MATERIA--TÉRMINO DE MATERIA
Término de materia o nombre geográfico como elemento de entrada Etiquette
Subdivisión de forma Bibliography.
9 (RLIN) 42525
910 ## - DATOS DE OPCIÓN DEL USUARIO (OCLC)
Datos de opción del usuario Catalogación derivada / LC
Holdings
Estado de retiro Estado de pérdida Restricciones de uso No para préstamo Código de colección Localización permanente Ubicación/localización actual Ubicación en estantería Fecha de adquisición Número de inventario Total de préstamos Signatura topográfica completa Código de barras Fecha visto por última vez Precio válido a partir de Tipo de ítem Koha
      Excluido de préstamo Monografías: Libros y Folletos General General En catalogación 09.07.2010 LF1   917.3 19942-10 25.06.2020 25.06.2020 No se presta

Powered by Koha